| Tag |
First Indicator |
Second Indicator |
Subfields |
| LEADER |
00000cam a2200000Ia 4500 |
| 001 |
in00001661982 |
| 005 |
20151023125116.0 |
| 008 |
020220s2002 nyu 000 1 eng d |
| 020 |
|
|
|a 1573229083
|
| 035 |
|
|
|a (OCoLC)ocm49047855
|
| 040 |
|
|
|a TXA
|c TXA
|d UtOrBLW
|
| 043 |
|
|
|a e-ie---
|
| 049 |
|
|
|a TXAM
|
| 090 |
|
|
|a PR6065.F33
|b W48 2002
|
| 100 |
1 |
|
|a O'Faolain, Nuala.
|
| 245 |
1 |
0 |
|a My dream of you /
|c Nuala O'Faolain.
|
| 250 |
|
|
|a 1st Riverhead trade paperback ed.
|
| 264 |
|
1 |
|a New York :
|b Riverhead Books,
|c 2002.
|
| 300 |
|
|
|a 529 pages ;
|c 21 cm.
|
| 336 |
|
|
|a text
|b txt
|2 rdacontent
|
| 337 |
|
|
|a unmediated
|b n
|2 rdamedia
|
| 338 |
|
|
|a volume
|b nc
|2 rdacarrier
|
| 500 |
|
|
|a "A New York Times notable book"--Cover.
|
| 650 |
|
0 |
|a Middle-aged women
|v Fiction.
|
| 651 |
|
0 |
|a Ireland
|x History
|y Famine, 1845-1852
|v Fiction.
|
| 651 |
|
0 |
|a Ireland
|v Fiction.
|
| 650 |
|
0 |
|a Famines
|v Fiction.
|
| 655 |
|
0 |
|a Psychological fiction.
|
| 655 |
|
7 |
|a Historical fiction.
|2 gsafd
|
| 655 |
|
7 |
|a Frame stories.
|2 lcgft
|
| 994 |
|
|
|a E0
|b TXA
|
| 948 |
|
|
|a cataloged
|b h
|c 2002/2/22
|d c
|e ceaton
|f 9:41:14 am
|
| 999 |
|
|
|a MARS
|
| 999 |
f |
f |
|s 0817d5c8-10c3-344e-a27a-d5932e19b998
|i d16308dc-0e9d-3592-ac0e-05dd44e7222e
|t 0
|
| 952 |
f |
f |
|p normal
|a Texas A&M University
|b College Station
|c Sterling C. Evans Library
|d Evans: Library Stacks
|t 0
|e PR6065.F33 W48 2002
|h Library of Congress classification
|i unmediated -- volume
|m A14828451523
|
| 998 |
f |
f |
|a PR6065.F33 W48 2002
|t 0
|l Evans: Library Stacks
|